01142nam a2200241Ia 4500001001100000003001000011008004100021040002500062041001300087100002600100245008000126250001100206260009200217300002700309500010500336501011400441520010500555650002300660942000700683957000600690999004200696952016200738L248-15677IT-CnALBA170116s9999||||xx |||||||||||||| ||und|| aIT-CnALBAcIT-CnALBA aITALIANO aPASQUERO FEDELE, SSP. 0aLUCI DALLA CROCE. ORE DI ADORAZIONE SULLE SETTE PAROLE DI GESÙ IN CROCE.  a1a ed. aCINISELLO BALSAMO (MI)bEDIZIONI PAOLINEc1950 [1° Ed.:1950 - Ed.Ling.Originale: 1950] a130 p. (prefazione: 5) aPERDONO AI NEMICI. LA GRANDE PROMESSA. MADRE E FIGLIO. ABBANDONO. SETE. CONSUMAZIONE E IMMOLAZIONE.  aSocietà San Paolo EM - Piazza San Paolo, 14 - 12051 ALBA (CN) (non commercial uses only) ® Copyright 2017 aPERDONO AI NEMICI. LA GRANDE PROMESSA. MADRE E FIGLIO. ABBANDONO. SETE. CONSUMAZIONE E IMMOLAZIONE.  aASCETICA E MISTICA cBK 71 a20427bNOg Copie: 1 c274846d274846 0010406L_2481567771aALBAbALBAd2017-01-16l0oL248-15677r2017-01-16 00:00:00w2017-01-16yBKz(data import: 16 gennaio 2017) - By Epidotti, Vaglietti.